| 000 | 00402nam a22001337a 4500 | ||
|---|---|---|---|
| 020 | _qPB. | ||
| 040 | _cFizza Ishaq | ||
| 082 |
_a150.195 _bJER |
||
| 100 |
_aZweig, Connie. _9133620 |
||
| 245 |
_aMeeting The Shadow: The Hidden Power Of The Dark Side Of Human Nature / _cConnie Zweig. |
||
| 260 |
_aNew York : _bJeremy P. Tarcher Inc, _c1991. |
||
| 300 |
_a333 p. ; _c9 x 6 x 1 inches |
||
| 942 |
_2ddc _cBK |
||
| 999 |
_c616580 _d616580 |
||